Wealth forever (Record no. 15076)
[ view plain ]
| 000 -LEADER | |
|---|---|
| fixed length control field | 01214nam a2200313 a 4500 |
| 245 00 - TITLE STATEMENT | |
| Title | Wealth forever |
| 260 ## - PUBLICATION, DISTRIBUTION, ETC. (IMPRINT) | |
| Place of publication | Singapore ; |
| -- | River Edge, N.J. : |
| Name of publisher | World Scientific, |
| Year of publication | c2003. |
| 300 ## - PHYSICAL DESCRIPTION | |
| Number of Pages | x, 564 p. : |
| Other physical details | ill. (some col.). |
| 650 #0 - SUBJECT ADDED ENTRY--TOPICAL TERM | |
| Topical Term | Investment analysis. |
| Topical Term | Stock exchanges. |
| Topical Term | Stocks. |
| 700 1# - ADDED ENTRY--PERSONAL NAME | |
| Personal name | Khoury, Sarkis J. |
| 856 40 - ELECTRONIC LOCATION AND ACCESS | |
| Uniform Resource Identifier | http://site.ebrary.com/lib/rucke/Doc?id=10255867 |
No items available.
